Daño moral y psicológico (Record no. 133801)

MARC details
000 -LEADER
fixed length control field 01121cam a2200241 4500
005 - DATE AND TIME OF LATEST TRANSACTION
control field 20250709094257.0
008 - FIXED-LENGTH DATA ELEMENTS--GENERAL INFORMATION
fixed length control field 030917s2002 Ag 000 0 spa u
020 ## - INTERNATIONAL STANDARD BOOK NUMBER
International Standard Book Number 9505085346
050 04 - LIBRARY OF CONGRESS CALL NUMBER
Classification number KHA1009
Item number G44 2002
100 1# - MAIN ENTRY--PERSONAL NAME
Personal name Ghersi, Carlos Alberto
245 10 - TITLE STATEMENT
Title Daño moral y psicológico
Remainder of title : Daño a la psiquis : Categorización socioeconómica y cultural, prueba y procedencia, Cálculos, Jurisprudencia Valor del ocio vacacional, Relaciones de familia, Ejercicio abusivo en el proceso judicial
Statement of responsibility, etc / Carlos Alberto Ghersi ; colaboradoras Celia Weingarten, Mónica Hise, Gabriela Rossello.
246 13 - VARYING FORM OF TITLE
Title proper/short title Cuantificación económica
250 ## - EDITION STATEMENT
Edition statement 2a. ed.
Remainder of edition statement actualizada y ampliada
260 ## - PUBLICATION, DISTRIBUTION, ETC. (IMPRINT)
Place of publication, distribution, etc Buenos Aires :
Name of publisher, distributor, etc Astrea de Alfredo y Ricardo Depalma,
Date of publication, distribution, etc 2002
300 ## - PHYSICAL DESCRIPTION
Extent xxiii, 299 p.
Dimensions 20 cm.
504 ## - BIBLIOGRAPHY, ETC. NOTE
Bibliography, etc Bibliografía : p. 291-299
650 #7 - SUBJECT ADDED ENTRY--TOPICAL TERM
Source of heading or term lemb
Topical term or geographic name as entry element Daños y perjuicios
Geographic subdivision Argentina
650 #4 - SUBJECT ADDED ENTRY--TOPICAL TERM
Topical term or geographic name as entry element Agravios
General subdivision Aspectos económicos
Geographic subdivision Argentina
700 1# - ADDED ENTRY--PERSONAL NAME
Personal name Weingarten, Celia,
Relator term colaboradora
700 1# - ADDED ENTRY--PERSONAL NAME
Personal name Hise, Mónica,
Relator term colaboradora
700 1# - ADDED ENTRY--PERSONAL NAME
Personal name Rossello, Gabriela,
Relator term colaboradora
942 ## - ADDED ENTRY ELEMENTS (KOHA)
Source of classification or shelving scheme Biblioteca del Cogreso de los Estados Unidos
Koha item type Libro
Holdings
Estado de pérdida Fuente de clasificación Estado del daño No para préstamo Ubicación permanente Ubicación actual Apartado o colección Fecha de adquisición Edición Área del conocimiento Clasificación Código de Barras Date last seen Número de copia Costo por reposición Tipo de recurso
  Biblioteca del Cogreso de los Estados Unidos     Biblioteca de la Facultad de Derecho y Ciencias Sociales "Felipe J. Tena" Biblioteca de la Facultad de Derecho y Ciencias Sociales "Felipe J. Tena" General 22/01/2020 2a ed. Ciencias Sociales y Administrativas KHA1009 G44 2002 BFD000011964 22/01/2020 1 1.00 Libro